<?xml version='1.0' encoding='UTF-8'?>
  <record xmlns="http://www.loc.gov/MARC21/slim">
    <leader>00000cam a2200000 i 4500</leader>
    <controlfield tag="001">ocm31701112</controlfield>
    <controlfield tag="003">OCoLC</controlfield>
    <controlfield tag="005">20251128204307.8</controlfield>
    <controlfield tag="008">941215s1535    fr            001 0 lat c</controlfield>
    <datafield tag="040" ind1=" " ind2=" ">
      <subfield code="a">CUS</subfield>
      <subfield code="b">eng</subfield>
      <subfield code="e">dcrmr</subfield>
      <subfield code="e">rda</subfield>
      <subfield code="c">CUS</subfield>
      <subfield code="d">OCL</subfield>
      <subfield code="d">OCLCG</subfield>
      <subfield code="d">OCLCA</subfield>
      <subfield code="d">OCLCQ</subfield>
      <subfield code="d">OCLCF</subfield>
      <subfield code="d">OCLCQ</subfield>
      <subfield code="d">OCLCA</subfield>
      <subfield code="d">UBY</subfield>
      <subfield code="d">OCLCA</subfield>
      <subfield code="d">OCL</subfield>
      <subfield code="d">OCLCA</subfield>
      <subfield code="d">OCLCO</subfield>
      <subfield code="d">OCLCA</subfield>
      <subfield code="d">OCLCL</subfield>
      <subfield code="d">QGJ</subfield>
      <subfield code="d">OCLCO</subfield>
      <subfield code="d">CUD</subfield>
      <subfield code="d">OCLCO</subfield>
    </datafield>
    <datafield tag="029" ind1="1" ind2=" ">
      <subfield code="a">AU@</subfield>
      <subfield code="b">000042726723</subfield>
    </datafield>
    <datafield tag="035" ind1=" " ind2=" ">
      <subfield code="a">(OCoLC)31701112</subfield>
    </datafield>
    <datafield tag="041" ind1="0" ind2=" ">
      <subfield code="a">lat</subfield>
      <subfield code="a">grc</subfield>
    </datafield>
    <datafield tag="042" ind1=" " ind2=" ">
      <subfield code="a">pcc</subfield>
    </datafield>
    <datafield tag="050" ind1=" " ind2="4">
      <subfield code="a">PA3903.Z7</subfield>
      <subfield code="b">M6 1535</subfield>
    </datafield>
    <datafield tag="100" ind1="1" ind2=" ">
      <subfield code="a">Mouchy, Antoine de,</subfield>
      <subfield code="d">1494-1574,</subfield>
      <subfield code="e">author.</subfield>
      <subfield code="4">aut</subfield>
      <subfield code="1">https://id.oclc.org/worldcat/entity/E39PBJpPGYP6qPbGjMMMbQYByd</subfield>
    </datafield>
    <datafield tag="240" ind1="1" ind2="0">
      <subfield code="a">Pernecessarium in octo libros topicorum Aristotelis hypomnema</subfield>
    </datafield>
    <datafield tag="245" ind1="1" ind2="0">
      <subfield code="a">Antonij Democharis Ressonei Pernecessarium in octo libros Topicorum Aristotelis Hypomnema,:</subfield>
      <subfield code="b">quo tota disserendi uis in omne problema ingeniose demonstratur : cum recta contextus distinctione, ad phrasim Graecam bona fide innumeris sordibus repurgati.</subfield>
    </datafield>
    <datafield tag="246" ind1="3" ind2=" ">
      <subfield code="a">Antonii Democharis Ressonei pernecessarivm in octo libros Topicorum Aristotelis Hypomnema</subfield>
    </datafield>
    <datafield tag="246" ind1="3" ind2=" ">
      <subfield code="a">Pernecessarivm in octo libros Topicorum Aristotelis Hypomnema</subfield>
    </datafield>
    <datafield tag="246" ind1="3" ind2=" ">
      <subfield code="a">Hypomnema</subfield>
    </datafield>
    <datafield tag="264" ind1=" " ind2="1">
      <subfield code="a">Parisijs. :</subfield>
      <subfield code="b">Ex officina Simonis Colinaei.,</subfield>
      <subfield code="c">1535.</subfield>
    </datafield>
    <datafield tag="300" ind1=" " ind2=" ">
      <subfield code="a">[4], 316 leaves ;</subfield>
      <subfield code="c">21 cm (4to)</subfield>
    </datafield>
    <datafield tag="336" ind1=" " ind2=" ">
      <subfield code="a">text</subfield>
      <subfield code="b">txt</subfield>
      <subfield code="2">rdacontent</subfield>
    </datafield>
    <datafield tag="337" ind1=" " ind2=" ">
      <subfield code="a">unmediated</subfield>
      <subfield code="b">n</subfield>
      <subfield code="2">rdamedia</subfield>
    </datafield>
    <datafield tag="338" ind1=" " ind2=" ">
      <subfield code="a">volume</subfield>
      <subfield code="b">nc</subfield>
      <subfield code="2">rdacarrier</subfield>
    </datafield>
    <datafield tag="340" ind1=" " ind2=" ">
      <subfield code="m">4to</subfield>
      <subfield code="2">rdabf</subfield>
    </datafield>
    <datafield tag="500" ind1=" " ind2=" ">
      <subfield code="a">Text of Aristotle's Topica in Latin translation and commentary in alternating roman and italic type.</subfield>
    </datafield>
    <datafield tag="500" ind1=" " ind2=" ">
      <subfield code="a">Errata: leaf 316.</subfield>
    </datafield>
    <datafield tag="500" ind1=" " ind2=" ">
      <subfield code="a">Title within decorative border.</subfield>
    </datafield>
    <datafield tag="500" ind1=" " ind2=" ">
      <subfield code="a">Printer's device on title page, with slogan: Tempus. Virtus sola retundit hanc aciem.</subfield>
    </datafield>
    <datafield tag="500" ind1=" " ind2=" ">
      <subfield code="a">Includes indexes.</subfield>
    </datafield>
    <datafield tag="500" ind1=" " ind2=" ">
      <subfield code="a">Initials, printed marginalia.</subfield>
    </datafield>
    <datafield tag="500" ind1=" " ind2=" ">
      <subfield code="a">Signatures: *⁴ a-z⁸ &amp;⁸ A-P⁸ Q⁴; Q4v is blank.</subfield>
    </datafield>
    <datafield tag="500" ind1=" " ind2=" ">
      <subfield code="a">Contains also two poems by Antoine de Mouchy in honor of Guilielmus Hamelius and Petrus Billoreus.</subfield>
    </datafield>
    <datafield tag="510" ind1="4" ind2=" ">
      <subfield code="a">Renouard, P. Bibliographie des éditions de Simon de Colines, 1520-1546,</subfield>
      <subfield code="c">245-246</subfield>
    </datafield>
    <datafield tag="510" ind1="4" ind2=" ">
      <subfield code="a">Moreau, B. Inventaire chronologique des éditions parisiennes du XVIe siècle,</subfield>
      <subfield code="c">IV, 1383</subfield>
    </datafield>
    <datafield tag="510" ind1="4" ind2=" ">
      <subfield code="a">Adams, H.M. Catalogue of books printed on the continent of Europe, 1501-1600, in Cambridge libraries,</subfield>
      <subfield code="c">M 1881</subfield>
    </datafield>
    <datafield tag="510" ind1="4" ind2=" ">
      <subfield code="a">Lohr, C.H. Latin Aristotle commentaries,</subfield>
      <subfield code="c">II, p. 124-125</subfield>
    </datafield>
    <datafield tag="510" ind1="4" ind2=" ">
      <subfield code="a">Risse, W. Bibliographia logica,</subfield>
      <subfield code="c">1, 48</subfield>
    </datafield>
    <datafield tag="600" ind1="0" ind2="0">
      <subfield code="a">Aristotle</subfield>
      <subfield code="x">Criticism and interpretation</subfield>
      <subfield code="v">Early works to 1800.</subfield>
    </datafield>
    <datafield tag="600" ind1="0" ind2="0">
      <subfield code="a">Aristotle.</subfield>
      <subfield code="t">Topics.</subfield>
    </datafield>
    <datafield tag="600" ind1="0" ind2="7">
      <subfield code="a">Aristotle</subfield>
      <subfield code="2">fast</subfield>
    </datafield>
    <datafield tag="630" ind1="0" ind2="7">
      <subfield code="a">Topics (Aristotle)</subfield>
      <subfield code="2">fast</subfield>
    </datafield>
    <datafield tag="655" ind1=" " ind2="7">
      <subfield code="a">Criticism, interpretation, etc.</subfield>
      <subfield code="2">fast</subfield>
    </datafield>
    <datafield tag="655" ind1=" " ind2="7">
      <subfield code="a">Early works</subfield>
      <subfield code="2">fast</subfield>
    </datafield>
    <datafield tag="655" ind1=" " ind2="7">
      <subfield code="a">Manuscript waste (Binding)</subfield>
      <subfield code="z">England</subfield>
      <subfield code="y">13th century.</subfield>
      <subfield code="2">rbbin</subfield>
      <subfield code="5">UkCU-QUE</subfield>
    </datafield>
    <datafield tag="655" ind1=" " ind2="7">
      <subfield code="a">Calf bindings (Binding)</subfield>
      <subfield code="z">England</subfield>
      <subfield code="y">16th century.</subfield>
      <subfield code="2">rbbin</subfield>
      <subfield code="5">UkCU-QUE</subfield>
    </datafield>
    <datafield tag="655" ind1=" " ind2="7">
      <subfield code="a">Blind tooled bindings (Binding)</subfield>
      <subfield code="z">England</subfield>
      <subfield code="y">16th century.</subfield>
      <subfield code="2">rbbin</subfield>
      <subfield code="5">UkCU-QUE</subfield>
    </datafield>
    <datafield tag="655" ind1=" " ind2="7">
      <subfield code="a">Printer's devices (Printing)</subfield>
      <subfield code="y">1535.</subfield>
      <subfield code="2">rbpri</subfield>
    </datafield>
    <datafield tag="655" ind1=" " ind2="7">
      <subfield code="a">Inscriptions (Provenance)</subfield>
      <subfield code="z">England</subfield>
      <subfield code="y">16th century.</subfield>
      <subfield code="2">rbprov</subfield>
      <subfield code="5">UkCU-QUE</subfield>
    </datafield>
    <datafield tag="655" ind1=" " ind2="7">
      <subfield code="a">Inscriptions (Provenance)</subfield>
      <subfield code="z">England</subfield>
      <subfield code="y">17th century.</subfield>
      <subfield code="2">rbprov</subfield>
      <subfield code="5">UkCU-QUE</subfield>
    </datafield>
    <datafield tag="655" ind1=" " ind2="7">
      <subfield code="a">Annotations (Provenance)</subfield>
      <subfield code="z">England</subfield>
      <subfield code="y">16th century.</subfield>
      <subfield code="2">rbprov</subfield>
      <subfield code="5">UkCU-QUE</subfield>
    </datafield>
    <datafield tag="700" ind1="1" ind2=" ">
      <subfield code="a">Hamelius, Gulielmus,</subfield>
      <subfield code="e">honoree.</subfield>
      <subfield code="4">hnr</subfield>
    </datafield>
    <datafield tag="700" ind1="1" ind2=" ">
      <subfield code="a">Billoreus, Petrus,</subfield>
      <subfield code="e">honoree.</subfield>
      <subfield code="4">hnr</subfield>
    </datafield>
    <datafield tag="700" ind1="1" ind2=" ">
      <subfield code="a">Villiers de L'isle-Adam, Charles,</subfield>
      <subfield code="d">approximately 1482-1535,</subfield>
      <subfield code="e">dedicatee.</subfield>
      <subfield code="4">dte</subfield>
    </datafield>
    <datafield tag="700" ind1="1" ind2=" ">
      <subfield code="a">Colines, Simon de,</subfield>
      <subfield code="d">1480?-1546,</subfield>
      <subfield code="e">printer.</subfield>
      <subfield code="4">prt</subfield>
      <subfield code="1">https://id.oclc.org/worldcat/entity/E39PBJmdqrCxvGvRQCY9WVVQv3</subfield>
    </datafield>
    <datafield tag="700" ind1="0" ind2=" ">
      <subfield code="i">Commentary on (work):</subfield>
      <subfield code="a">Aristotle.</subfield>
      <subfield code="t">Topics.</subfield>
    </datafield>
    <datafield tag="700" ind1="0" ind2="2">
      <subfield code="i">Container of (expression):</subfield>
      <subfield code="a">Aristotle.</subfield>
      <subfield code="t">Topics.</subfield>
      <subfield code="l">Latin</subfield>
      <subfield code="s">(Mouchy)</subfield>
    </datafield>
    <datafield tag="752" ind1=" " ind2=" ">
      <subfield code="a">France</subfield>
      <subfield code="d">Paris,</subfield>
      <subfield code="e">publication place.</subfield>
      <subfield code="4">pup</subfield>
    </datafield>
    <datafield tag="758" ind1=" " ind2=" ">
      <subfield code="i">has work:</subfield>
      <subfield code="a">Pernecessarium in octo libros topicorum Aristotelis hypomnema (Text)</subfield>
      <subfield code="1">https://id.oclc.org/worldcat/entity/E39PCFwtttDK7fycb7jpMVYGd3</subfield>
      <subfield code="4">https://id.oclc.org/worldcat/ontology/hasWork</subfield>
    </datafield>
    <datafield tag="776" ind1="0" ind2="8">
      <subfield code="i">Online version:</subfield>
      <subfield code="a">Mouchy, Antoine de, -1574.</subfield>
      <subfield code="t">Antonii Democharis Ressonei pernecessarium in octo libros.</subfield>
      <subfield code="d">Parisiis. : Ex officina Simonis Colinaei., 1535</subfield>
      <subfield code="w">(OCoLC)765694208</subfield>
    </datafield>
  </record>